| 000 | 00000cam 2200000zi 4500 |
| 001 | 9.960696 |
| 003 | CaOODSP |
| 005 | 20260513094824 |
| 006 | m o d f |
| 007 | cr cn |||||||| |
| 008 | 260309t20262026onca o f000 0 fre d |
| 020 | |a9780660988344 |
| 040 | |aCaOODSP|bfre|erda|cCaOODSP |
| 041 | |afre|beng|bjpn |
| 043 | |an-cn---|aa-ja--- |
| 086 | 1 |aFR5-253/2026F-PDF |
| 245 | 00|aÉvaluation de la participation du Canada à l'Expo 2025, Osaka, Japon : |brapport final / |cpréparé pour Affaires mondiales Canada. |
| 264 | 1|a[Ottawa] : |bGlobal Affairs Canada = Affaires mondiales Canada, |c2026. |
| 264 | 4|c©2026 |
| 300 | |a1 ressource en ligne (115 pages) : |billustrations en couleur |
| 336 | |atexte|btxt|2rdacontent/fre |
| 337 | |ainformatique|bc|2rdamedia/fre |
| 338 | |aressource en ligne|bcr|2rdacarrier/fre |
| 500 | |aPublié aussi en anglais sous le titre : Evaluation of Canada's participation in Expo 2025, Osaka, Japan : final report. |
| 500 | |a« Nom du fournisseur : Léger Marketing Inc. » |
| 500 | |a« Numéro de contrat : CW2390792. » |
| 500 | |a« Numéro d’enregistrement : ROP100-24. » |
| 546 | |aComprend du texte en français et en japonais. |
| 650 | 6|aExpositions|zJapon|zŌsaka|xOpinion publique. |
| 650 | 6|aExpositions|xPolitique gouvernementale|zCanada|xOpinion publique. |
| 650 | 6|aOpinion publique. |
| 651 | 6|aCanada|xOpinion publique étrangère. |
| 710 | 1 |aCanada. |bAffaires mondiales Canada, |eorganisme de publication. |
| 710 | 2 |aLéger Marketing, |econsultant. |
| 775 | 08|tEvaluation of Canada's participation in Expo 2025, Osaka, Japan : |w(CaOODSP)9.960697 |
| 856 | 40|qPDF|s2.08 Ko|uhttps://publications.gc.ca/collections/collection_2026/amc-gac/FR5-253-2026-fra.pdf|zRapport final |
| 856 | 4 |qHTML|sS.O.|uhttps://epe.lac-bac.gc.ca/100/200/301/pwgsc-tpsgc/por-ef/global_affairs_canada/2026/100-24-f/POR100-24_Leger_Final-Report_Evaluation_Canada_Participation_Expo_2025_Osaka_FR.htm|zRapport final |
| 856 | 4 |qHTML|sS.O.|uhttps://epe.lac-bac.gc.ca/100/200/301/pwgsc-tpsgc/por-ef/global_affairs_canada/2026/100-24-f/index.html|zEnsemble de données complet |